000 00371 a2200169 4500
001 194670
020 _a978-85-08-15682-5
040 _cMagnum
100 _aEllis, Deborah
240 1 0 _aA viagem de Parvana
_lpor
245 1 0 _aA viagem de Parvana
300 _a144
362 0 _a2012
440 1 _aÁtica
697 _aLITERATURA JUVENIL ESTRANGEIRA
942 _cBK
999 _c194670
_d194670